LEADER 00846nam0-22003131i-450- 001 990000629360403321 005 20130516183643.0 035 $a000062936 035 $aFED01000062936 035 $a(Aleph)000062936FED01 035 $a000062936 100 $a20020821d1968----km-y0itay50------ba 101 0 $aeng 102 $aGB 105 $ay-------001yy 200 1 $a<>introduction to plasticity$fG.C. Spencer 210 $aLondon$cChapman & Hall$d1968 215 $aX, 118 p.$d22 cm 610 0 $aPlasticità 610 0 $aViscosità 610 0 $aMeccanica dei continui 700 1$aSpencer,$bGeoffrey Curzon$031819 801 0$aIT$bUNINA$gRICA$2UNIMARC 901 $aBK 912 $a990000629360403321 952 $a07 C-174 MU.$b5303$fDINSC 959 $aDINSC 996 $aIntroduction to plasticity$9315479 997 $aUNINA LEADER 01321nam--2200373---450- 001 990002713270203316 005 20100902104255.0 010 $a88-464-6854-6 035 $a000271327 035 $aUSA01000271327 035 $a(ALEPH)000271327USA01 035 $a000271327 100 $a20060221d2005----km-y0itay0103----ba 101 $aita 102 $aIT 105 $a||||||||001yy 200 1 $aCosmopoliti e patrioti$etrasformazioni dell'ideologia nazionale tedesca tra Kant e Hegel$e1795-1815$fMarzia Ponso 210 $aMilano$cFranco Angeli$d2005 215 $a451 p.$d23 cm 225 2 $aCollana "Gioele Solari"$fDipartimento di studi politici dell'Università di Torino$v46 410 0$12001$aCollana "Gioele Solari"$fDipartimento di studi politici dell'Università di Torino$v46 606 0 $aNazione$xConcetto$yGermania$z1795-1815 676 $a320.10943 700 1$aPONSO,$bMarzia$0476775 801 0$aIT$bsalbc$gISBD 912 $a990002713270203316 951 $aXXX.B. Coll. 172/ 7 (X 24 XX 46)$b14162 E.C.$cXXX.B. Coll. 172/ 7 (X 24 XX)$d00176321 959 $aBK 969 $aECO 979 $aRENATO$b90$c20060221$lUSA01$h1337 979 $aPATRY$b90$c20060623$lUSA01$h1602 979 $aRSIAV4$b90$c20100902$lUSA01$h1042 996 $aCosmopoliti e patrioti$9727697 997 $aUNISA